| 000 | 00548nam a2200181Ia 4500 | ||
|---|---|---|---|
| 008 | 220216s9999 xx 000 0 und d | ||
| 100 | _aNagaraj N. | ||
| 245 | 0 | _aEconomic performance of self-help groups in Karnataka, with special reference to Venkatenahalli in South India | |
| 260 |
_bIndian Journal of Agricultural Economics _c2010 |
||
| 300 | _a604-617 | ||
| 700 |
_a _chandrakanth M.G. |
||
| 700 | _aAcker David | ||
| 700 | _aChengappa P.G. | ||
| 700 | _aKanwar Ramesh | ||
| 700 | _aShuthi H.R. | ||
| 700 | _aYadava C.G. | ||
| 942 | _cJS | ||
| 999 |
_c57598 _d57598 |
||